Perspectivas para el desarrollo ganadero de la zona de Sagunto y su área de influencia / (Record no. 138315)

MARC details
000 -LEADER
campo de control de longitud fija 00652nam a2200181 4500
001 - NÚMERO DE CONTROL
campo de control 138315
003 - IDENTIFICADOR DE NÚMERO DE CONTROL
campo de control ES-MaACL
005 - FECHA Y HORA DE LA ÚLTIMA TRANSACCIÓN
campo de control 20230906195537.0
007 - CAMPO FIJO DE DESCRIPCIÓN FÍSICA--INFORMACIÓN GENERAL
campo de control de longitud fija t|
008 - DATOS DE LONGITUD FIJA--INFORMACIÓN GENERAL
campo de control de longitud fija 070214s1973 sp r ||||1| spa d
100 1# - ENTRADA PRINCIPAL--NOMBRE DE PERSONA
Nombre de persona Sanchís Marco, Francisco.
9 (RLIN) 103016
245 10 - MENCIÓN DEL TÍTULO
Título Perspectivas para el desarrollo ganadero de la zona de Sagunto y su área de influencia /
Mención de responsabilidad, etc. Francisco Sanchís Marco, Salvador Vilalta Mor.
260 ## - PUBLICACIÓN, DISTRIBUCIÓN, ETC.
Lugar de publicación, distribución, etc. Sagunto :
Nombre del editor, distribuidor, etc. Caja de Ahorros y Socorros,
Fecha de publicación, distribución, etc. 1973.
300 ## - DESCRIPCIÓN FÍSICA
Extensión 225 p. :
Otras características físicas il. ;
Dimensiones 32 cm.
505 8# - NOTA DE CONTENIDO CON FORMATO
Nota de contenido con formato Caja de Ahorros y Socorros de Sagunto
700 1# - ENTRADA AGREGADA--NOMBRE PERSONAL
Nombre de persona Vilalta Mor, Salvador.
9 (RLIN) 114769
852 ## - LOCALIZACIÓN
Ubicación ES-MaACL
Número de control de estantería C-55868
Sublocalización o colección R.88403
Holdings
Estatus retirado Estado de pérdida Estado de daño No para préstamo Biblioteca de origen Biblioteca actual Ubicación en estantería Fecha de adquisición Fuente de adquisición Total de préstamos Signatura topográfica completa Código de barras Visto por última vez Precio de reemplazo Tipo de ítem Koha
        Biblioteca del Ateneo de Madrid Biblioteca del Ateneo de Madrid Depósito 2 17/01/2008     C-55868 1143925 23/02/2023 23/02/2023 Libro impreso